Online Catalogue and eLibrary

Intellectuals in politics : (Record no. 181)

MARC details
000 -LEADER
fixed length control field 00766cam a2200241 a 4500
001 - CONTROL NUMBER
control field 4000411
005 - DATE AND TIME OF LATEST TRANSACTION
control field 20240119000858.0
008 - FIXED-LENGTH DATA ELEMENTS--GENERAL INFORMATION
fixed length control field 961008s1997 enk b 001 0 eng
020 ## - INTERNATIONAL STANDARD BOOK NUMBER
ISBN 0415149959 (hc)
020 ## - INTERNATIONAL STANDARD BOOK NUMBER
ISBN 0415149967 (pbk.)
020 ## - INTERNATIONAL STANDARD BOOK NUMBER
ISBN 0415149967 (pbk.)
040 ## - CATALOGING SOURCE (பட்டியலாக்க மூலம்)
Original cataloging agency DLC
Transcribing agency DLC
Modifying agency DLC
082 00 - DDC Classification
Class No. 305.5/52
DDC Edition Number 21
245 00 - TITLE STATEMENT
Title Intellectuals in politics :
Remainder of title from the Dreyfus affair to the Rushdie affair /
Statement of responsibility, etc. edited by Jeremy Jennings and Anthony Kemp-Welch.
250 ## - EDITION STATEMENT
Edition statement 1st.
260 ## - PUBLICATION, DISTRIBUTION, ETC.
Place of publication, distribution, etc. London ;
-- New York :
Name of publisher, distributor, etc. Routledge,
Date of publication, distribution, etc. 1997.
300 ## - PHYSICAL DESCRIPTION
Extent (e.g. Volumes, Pages etc.) viii, 304 p. ;
650 #0 - SUBJECT ADDED ENTRY--TOPICAL TERM
Topical term or geographic name entry element Intellectuals
700 1# - ADDED ENTRY--PERSONAL NAME
Personal name Jennings, Jeremy,
Relator term (Role) Editor
700 2# - ADDED ENTRY--PERSONAL NAME
Personal name Kemp-Welch, A.,
Relator term (Role) Editor
856 42 - ELECTRONIC LOCATION AND ACCESS
Uniform Resource Identifier <a href="http://www.loc.gov/catdir/enhancements/fy0649/96047160-d.html">http://www.loc.gov/catdir/enhancements/fy0649/96047160-d.html</a>
942 ## - Koha item type (Biblio)
Koha item type Books in Stacks (Lending)
Holdings
Lost status Damaged status Collection code Home library Current library Date acquired Full call number Accession Number Item type
    Lending WERC Library WERC Library 01/19/2024 305.5/52 2925 Books in Stacks (Lending)

© WERC Library